Nombra todos los colores que conoces: nombra los colores más famosos - Estadísticas

Estadísticas generales
  • Esta prueba ha sido intentada 156 veces
  • La puntuación promedio es 12 de 16
Estadísticas de respuestas
Respuesta % Correcto
Azul
100%
Negro
99%
Amarillo
98%
Rojo
98%
Verde
98%
Blanco
97%
Naranja
96%
Marrón
95%
Rosa
95%
Gris
90%
Lila
66%
Turquesa
43%
Púrpura
43%
Plata
36%
Oro
34%
Antracita
2%
No se encontraron pruebas coincidentes
Distribución de puntuación
Porcentaje de gente con cada puntuación
Porcentaje por número respondido
Historial de tus puntuaciones
No has intentado esta prueba.